Science Quiz

Random Science or Elements Quiz
Score 0/16 Timer 02:00
2 Plays Today
2nd Letter Element % Correct
ABarium, Cadmium, Calcium, Californium, Carbon...
96.1%
EBerkelium, Beryllium, Cerium, Cesium, Fermium...
95.1%
IBismuth, Einsteinium, Lithium, Livermorium, Nickel...
91.9%
OBohrium, Boron, Cobalt, Copernicium, Copper...
91.1%
RArgon, Arsenic, Bromine, Erbium, Francium...
87%
LAluminum, Flerovium, Fluorine, Platinum, Plutonium
76.6%
HChlorine, Chromium, Phosphorus, Rhenium, Rhodium...
72.5%
XOxygen
69%
2nd Letter Element % Correct
YDysprosium, Hydrogen
67.2%
UCurium, Dubnium, Europium, Lutetium, Rubidium...
64.7%
CActinium, Scandium
59.9%
TStrontium, Ytterbium, Yttrium
56.1%
SAstatine, Osmium
53.3%
NAntimony, Indium
49.6%
MAmericium
41.4%
GOganesson
29.9%

You're not logged in!

Compare scores with friends on all Sporcle quizzes.
OR
Log In

Sporcle TV

Today on Sporcle TV


Watch our educational content, quiz creation guides, and fun videos on Sporcle TV.

Show Comments

Extras

Top Quizzes Today


Score Distribution

Paid Content

Your Account Isn't Verified!

In order to create a playlist on Sporcle, you need to verify the email address you used during registration. Go to your Sporcle Settings to finish the process.

Report this User

Report this user for behavior that violates our Community Guidelines.

Details: